Numerical solution of integral equations /
Guardado en:
| Otros Autores: | |
|---|---|
| Formato: | Libro |
| Idioma: | English |
| Publicado: |
New York :
Plenum Press,
c1990.
|
| Series: | Mathematical concepts and methods in science and engineering ;
42 |
| Materias: | |
| Etiquetas: |
Agregar Etiqueta
Sin Etiquetas, Sea el primero en etiquetar este registro!
|
| LEADER | 00764pam a2200217 a 4500 | ||
|---|---|---|---|
| 001 | MAT.inmabb006060 | ||
| 008 | 900402s1990####nyua#####b####001#0#eng## | ||
| 005 | 20170608134411.0 | ||
| 245 | 0 | 0 | |a Numerical solution of integral equations / |c edited by Michael A. Golberg. |
| 260 | |a New York : |b Plenum Press, |c c1990. | ||
| 300 | |a xiii, 417 p. : |b il. ; |c 24 cm. | ||
| 440 | 0 | |a Mathematical concepts and methods in science and engineering ; |v 42 | |
| 504 | |a Incluye referencias bibliográficas e índice. | ||
| 510 | 4 | |a MR, |c 91e:65007 | |
| 020 | |a 0306432625 | ||
| 700 | 1 | |a Golberg, Michael A. | |
| 650 | 0 | |a Integral equations |x Numerical solutions. | |
| 084 | |a 65-06 (65R20) |2 MR | ||
| 010 | |a 90007210 | ||
| 040 | |a DLC |c DLC |d DLC | ||
| 859 | |h 65 |i N971s |p A-6596 |b BIB. MATEMATICA | ||
